[Event "21st Alekhine Master 2017"]
[Site "Voronezh"]
[Date "2017.06.20"]
[Round "8"]
[White "Lintchevski, Daniil"]
[Black "Chigaev, Maksim"]
[Result "1/2-1/2"]
[WhiteElo "2532"]
[BlackElo "2561"]
[Annotator "TA"]
[PlyCount "86"]
[EventDate "2017.??.??"]
[EventType "swiss"]
[EventCountry "RUS"]
[SourceTitle "playchess.com"]
[Source "ChessBase"]
[SourceQuality "1"]

{[%evp 12,86,20,17,22,16,31,35,27,12,38,25,28,-15,0,-8,0,-12,45,37,36,41,35,23,25,6,22,24,53,53,70,-56,-52,-58,-51,-45,-41,-49,-58,-42,-60,-45,-58,-54,-42,-40,-46,-49,-48,-53,-39,-60,-67,-55,-48,-76,-18,-206,-200,-216,-218,-222,-212,-245,-216,-244,-203,-204,-211,-218,0,0,0,0,0,0,0]} 1. Nf3 Nf6 2. c4 b6 3. d4 Bb7 4. g3 g6 5. Bg2 Bg7 6. O-O O-O 7. d5 Ne4 {A50: Queen's Fianchetto Defence (1 d4 Nf6 2 c4 b6)} 8. Nfd2 $146 ({Predecessor:} 8. Qc2 f5 9. Nfd2 Nd6 10. Nc3 Na6 11. e4 e6 12. exf5 gxf5 13. Rb1 Nb4 14. Qd1 Nd3 15. Nb3 Nxc1 16. Rxc1 {1-0 (56) Khismatullin,D (2651)-Chigaev,M (2559) Minsk 2017}) 8... Nd6 9. e4 Na6 {White is slightly better.} 10. Nc3 Nc5 11. Qc2 c6 12. dxc6 Bxc6 13. Re1 Rc8 14. Rb1 b5 ({Better is} 14... f5 $11) 15. b4 $14 Ne6 16. c5 Nb7 $1 17. e5 (17. a4 $5 {[%cal Ra4b5]} Nd4 18. Qd3 bxa4 19. e5 $11) 17... Bxg2 18. Kxg2 a5 19. a3 $1 axb4 20. axb4 {Black must now prevent Qd3.} d6 $1 {[%cal Rd6c5]} 21. Nxb5 (21. Qe4 $14) 21... dxc5 $15 22. Na7 Ra8 23. Nc6 Qd7 24. b5 $1 {[%cal Bb4b5,Bb5b6][%mdl 32]} Na5 25. Nxa5 Rxa5 26. b6 Rb8 27. Nc4 Ra4 28. Qe4 Nd4 $36 {[%mdl 2048] Black fights for an advantage.} 29. Bf4 {Threatens to win with e6.} Qe6 (29... Rxc4 $6 30. e6 $16) 30. Ne3 Rxb6 31. Rxb6 Qxb6 32. Rb1 Qd8 33. Qd5 Ra8 (33... Qc8 $17 34. Nc4 Ra7) 34. Qxc5 $2 (34. Rb7 $11 {and White stays safe.}) 34... Ne6 $1 $19 {[%cal Re6c5]} 35. Qc6 {[#]} g5 $1 {[%cal Rg5f4]} 36. Bxg5 Nxg5 37. Nf5 e6 ({But not} 37... Bxe5 {[#]} 38. Nxe7+ $1 {[%mdl 512]} Kf8 39. Rb5 $17) 38. Ne7+ Kh8 39. h4 Bf8 ({Inferior is} 39... Bxe5 40. hxg5 Ra1 41. Rb7 $14) 40. Rb7 Bxe7 $2 (40... Ra2 $19 {...Qd4 is the strong threat.} 41. Rd7 Qe8) 41. Rxe7 $11 {The position is equal.} Rc8 42. Rd7 Qe8 ({Of course not} 42... Rxc6 $6 43. Rxd8+ Kg7 44. hxg5 $16) 43. Qb7 Rb8 {Precision: White = 60%, Black = 68%.} 1/2-1/2

[Event "21st Alekhine Master 2017"]
[Site "Voronezh"]
[Date "2017.06.20"]
[Round "8"]
[White "Paravyan, David"]
[Black "Nihal Sarin"]
[Result "*"]
[WhiteElo "2521"]
[BlackElo "2454"]
[Annotator "RC"]
[PlyCount "124"]
[EventDate "2017.??.??"]
[EventType "swiss"]
[EventCountry "RUS"]
[SourceTitle "playchess.com"]
[Source "ChessBase"]
[SourceQuality "1"]
[TimeControl "40/5400+30:1800+30"]

1. d4 d5 2. c4 e6 3. Nc3 c6 4. e3 Nf6 5. Qc2 Nbd7 6. Bd2 Bd6 7. cxd5 exd5 8. Bd3 O-O 9. Nge2 Re8 10. O-O a6 11. Rad1 g6 12. Nf4 Nf8 13. f3 Ne6 14. Nxe6 Bxe6 15. e4 dxe4 16. fxe4 Bb4 17. Kh1 Bg4 18. Rde1 Qxd4 19. Be3 Qe5 20. Bf4 Qd4 21. e5 Rad8 22. Be4 Nh5 23. Be3 Qxe5 24. Qb3 Qe7 25. Bb6 Be6 26. Bxd8 Rxd8 27. Qc2 Qh4 28. Qf2 Qxf2 29. Rxf2 Kg7 30. Bc2 Nf6 31. Bb3 Bxb3 32. axb3 Rd7 33. Rd1 Rxd1+ 34. Nxd1 Nd5 35. Re2 Nc7 36. Re4 a5 37. Ne3 Ne6 38. Nc2 Bc5 39. Ra4 b6 40. g4 Kf6 41. Kg2 h6 42. Re4 Ke7 43. b4 axb4 44. Nxb4 Kd6 45. Nc2 Kd5 46. Re1 Kc4 47. Rf1 Kb3 48. Ne1 Bd4 49. Rxf7 Bxb2 50. Kf1 Bc3 51. Nd3 Kc2 52. Ke2 b5 53. Rb7 Bd2 54. Rd7 Nf4+ 55. Nxf4 Bxf4 56. h4 Be5 57. Rb7 Bc3 58. Rb6 b4 59. Rxc6 b3 60. Rxg6 b2 61. Rb6 b1=Q 62. Rxb1 Kxb1 *

[Event "21st Alekhine Master 2017"]
[Site "Voronezh"]
[Date "2017.06.20"]
[Round "8"]
[White "Tsydypov, Zhamsaran"]
[Black "Grachev, Boris"]
[Result "0-1"]
[WhiteElo "2511"]
[BlackElo "2648"]
[Annotator "TA"]
[PlyCount "98"]
[EventDate "2017.??.??"]
[EventType "swiss"]
[EventCountry "RUS"]
[SourceTitle "playchess.com"]
[Source "ChessBase"]
[SourceQuality "1"]

{[%evp 13,98,23,30,23,31,24,38,29,45,8,26,24,32,14,10,11,17,12,26,24,30,31,31,27,62,70,59,77,65,30,64,41,44,42,43,47,60,40,37,34,30,39,37,28,28,24,43,32,49,26,33,20,29,33,60,-14,0,0,65,50,62,0,-8,-8,-20,-707,-685,-624,-673,-560,-512,-661,-599,-833,-1477,-1319,-1323,-2039,-1804,-29969,-29969,-29979,-29980,-29980,-29981,-29981,-29982]} 1. e4 c5 2. Nf3 e6 3. d4 cxd4 4. Nxd4 Nc6 5. Nc3 a6 6. Bf4 d6 7. Nxc6 {B46: Sicilian: Taimanov: 5 Nc3 a6} bxc6 {LiveBook: 38 Games} 8. Qd3 $146 ({Predecessor:} 8. Qd2 d5 9. O-O-O Nf6 10. g4 Bb4 11. Bg2 O-O 12. g5 Nd7 13. a3 Ba5 14. h4 Re8 {1-0 (44) Andreikin,D (2733)-Zubov,A (2606) Abu Dhabi 2016}) 8... e5 9. Bg3 {White is slightly better.} Ne7 10. h4 h5 11. f4 exf4 $1 12. Bxf4 Ng6 $1 {[%cal Rg6f4]} 13. Bg5 f6 14. Bd2 Ne5 15. Qg3 Bg4 16. Be2 Qd7 17. O-O-O Be7 18. Bf4 O-O 19. Bxg4 Qxg4 20. Qxg4 hxg4 21. Ne2 Rfe8 22. Nd4 Bf8 23. h5 Nd7 24. Nxc6 Rac8 25. Nd4 Rxe4 26. g3 Ne5 27. Nf5 Re2 28. Rd2 Rxd2 29. Kxd2 Kf7 30. c3 Nf3+ 31. Kc2 Ke6 32. Ne3 f5 33. Rd1 Be7 34. Rd5 ({White should play} 34. Nd5 $14) 34... Rc5 35. Rd1 Rc6 (35... Rc8 $11) 36. Nd5 $14 Bg5 37. Nb4 (37. b4 $14) 37... Bxf4 $11 38. Nxc6 Bxg3 39. Nd4+ $2 {[%mdl 8192]} (39. b4 $11) 39... Nxd4+ $19 40. cxd4 {[%mdl 4096] Endgame KR-KB} Bf2 41. Kd3 {[#]} Kd5 $1 42. Ke2 Bxd4 43. Kf1 f4 {[%cal Bf5f4,Bf4f3][%mdl 32]} 44. Kg2 Ke4 45. b4 Be5 46. a4 f3+ {Black mates.} 47. Kf1 g3 48. b5 axb5 49. axb5 Bf4 {Precision: White = 50%, Black = 71%.} 0-1

[Event "21st Alekhine Master 2017"]
[Site "Voronezh"]
[Date "2017.06.20"]
[Round "8"]
[White "Golubov, Saveliy"]
[Black "Shyam, Sundar M"]
[Result "1/2-1/2"]
[WhiteElo "2504"]
[BlackElo "2535"]
[Annotator "TA"]
[PlyCount "79"]
[EventDate "2017.??.??"]
[EventType "swiss"]
[EventCountry "RUS"]
[SourceTitle "playchess.com"]
[Source "ChessBase"]
[SourceQuality "1"]

{[%evp 23,79,17,30,0,-7,-12,10,0,0,-13,-14,-10,0,0,0,-6,8,9,72,13,48,-33,0,0,0,0,0,0,0,0,24,-4,0,0,-3,-11,0,0,0,0,0,0,0,0,0,0,0,0,0,0,0,0,0,0,0,0,0,0]} 1. d4 Nf6 2. c4 e6 3. Nf3 d5 4. Nc3 Nbd7 {[%cal Bb8d7,Bd7f8,Bf8e6,Be6g7,Bg7f5][%mdl 32]} 5. a3 c6 6. cxd5 exd5 7. Bg5 Be7 8. Qc2 Nf8 9. e3 Ne6 10. Bh4 g6 11. Bd3 {D36: Queen's Gambit Declined: Exchange Variation: Main line (5 Bg5 c6 6 Qc2)} Ng7 (11... O-O 12. O-O Ng7 13. b4 a6 14. Na4 Bf5 15. Nc5 Ra7 16. a4 Bxd3 17. Nxd3 Nf5 18. Bxf6 Bxf6 19. b5 cxb5 20. axb5 a5 21. Rfc1 b6 {1-0 (59) Carlsen,M (2850)-Bruzon Batista,L (2659) Berlin 2015}) 12. O-O Bf5 {LiveBook: 15 Games} 13. Rae1 $146 {White has an edge.} ({Predecessor:} 13. b4 a6 14. Rab1 O-O 15. a4 Rc8 16. a5 Bxd3 17. Qxd3 Nf5 18. Bxf6 Bxf6 {0-1 (47) Soto Hernandez,H (2383)-Nogueiras Santiago,J (2493) Havana 2013}) 13... O-O 14. Ne5 Nd7 (14... Bxd3 {is interesting.} 15. Nxd3 Nf5 16. Bg5 Re8 17. Rc1 Ne4) 15. Bxe7 Qxe7 16. Bxf5 Nxf5 17. Nf3 Rfe8 18. e4 dxe4 19. Nxe4 Qf8 20. Qb3 Rab8 (20... Re7 $11) 21. Qa4 ({Better is} 21. g4 $16 Nd6 22. Ne5 Rxe5 {[#]} 23. Nf6+ $1 {[%mdl 512]} (23. dxe5 Nxe4 24. Rxe4 Nc5 $11) 23... Nxf6 24. dxe5) 21... Re7 22. Ne5 (22. Qxa7 $14 Rxe4 23. Rxe4) 22... Qd8 23. Nxd7 Rxd7 24. Qxa7 {Black must now prevent Nf6+!} Kg7 25. Qc5 Rd5 26. Qc3 Qc7 27. Nd2 (27. g4 $5 {[%cal Rg4f5]} Nxd4 28. f4 $11) 27... Rbd8 {The position is equal.} 28. Nf3 Nxd4 29. Re4 {[%cal Rf3d4]} c5 30. Nxd4 Rxd4 31. Rxd4 Rxd4 $11 {[%mdl 4096] Endgame KQR-KQR} 32. b4 b6 {[%cal Bb7b6,Bb6c5][%mdl 32]} 33. bxc5 bxc5 34. Rc1 {Hoping for Qxd4+!} Qe5 35. g3 {[#]} Rd1+ $1 {[%mdl 512]} 36. Kg2 (36. Rxd1 Qxc3) 36... Qxc3 37. Rxc3 Ra1 38. Rxc5 Rxa3 39. h4 h5 40. Rb5 {Precision: White = 51%, Black = 51%.} 1/2-1/2

[Event "21st Alekhine Master 2017"]
[Site "Voronezh"]
[Date "2017.06.20"]
[Round "8"]
[White "Iljiushenok, Ilia"]
[Black "Kryakvin, Dmitry"]
[Result "1-0"]
[WhiteElo "2496"]
[BlackElo "2572"]
[Annotator "TA"]
[PlyCount "63"]
[EventDate "2017.??.??"]
[EventType "swiss"]
[EventCountry "RUS"]
[SourceTitle "playchess.com"]
[Source "ChessBase"]
[SourceQuality "1"]

{[%evp 21,63,10,19,2,10,7,52,65,69,56,55,43,50,38,63,21,94,77,114,135,135,132,135,124,117,122,230,99,234,228,398,228,758,747,727,725,667,586,29984,29985,29985,29986,29986,29987]} 1. e4 c6 2. d4 d5 3. e5 Bf5 4. h4 h5 5. Bd3 Bxd3 6. Qxd3 e6 7. Bg5 {B12: Caro-Kann: Advance Variation} Be7 8. Nf3 Nh6 9. Nc3 {[%cal Bb1c3,Bc3e2,Be2d4][%mdl 32]} Nf5 10. Ne2 c5 11. dxc5 Na6 {LiveBook: 4 Games} 12. O-O $146 ({Predecessor:} 12. Ned4 Nxd4 13. Qxd4 Nxc5 14. O-O b5 {½-½ (33) Nisipeanu,L (2687)-Rodshtein,M (2687) Baku 2016}) 12... O-O 13. Ned4 Bxg5 14. Nxg5 Nxc5 15. Qf3 g6 16. Nxf5 exf5 17. Rad1 Ne4 18. c4 {[%cal Bc2c4,Bc4d5,Bd5d6,Bd6d7][%mdl 32]} Nxg5 (18... Qc7 $11) 19. hxg5 $16 Qc7 20. cxd5 Qxe5 {[#]} 21. d6 $1 Rad8 22. Rfe1 $36 {[%mdl 2048] Keeping Black busy.} ({Resist} 22. Qxb7 Rxd6 23. Rxd6 (23. Qxa7 Rxd1 24. Rxd1 Qxb2 $11) 23... Qxd6 $14) 22... Qxb2 23. Qd5 b5 (23... Qb4 $16) 24. Re7 (24. d7 $18 {is more deadly.}) 24... a5 (24... Qb4 $16 {is a better defense.}) 25. d7 {[%mdl 1024] White has strong compensation.} Kg7 $2 (25... Qb4 {was called for.} 26. Rde1 Qc4) 26. Rde1 $18 h4 $2 (26... Qc3 27. Qxb5 Qd2) 27. Qd6 {Threatens to win with Re8.} Qb4 28. Qf6+ Kg8 29. R1e3 {Rxf7! is the strong threat.} Qc5 {[#]} 30. Rxf7 $1 {[%mdl 512] White mates.} Rxf7 31. Qxd8+ ({And not} 31. Re8+ Rf8 $11) 31... Rf8 {[#]} 32. Qxf8+ $1 {[%mdl 512] Precision: White = 68%, Black = 28%.} 1-0

[Event "21st Alekhine Master 2017"]
[Site "Voronezh"]
[Date "2017.06.20"]
[Round "8"]
[White "Grishchenko, Sergey"]
[Black "Savchenko, Boris"]
[Result "1/2-1/2"]
[WhiteElo "2447"]
[BlackElo "2639"]
[Annotator "TA"]
[PlyCount "85"]
[EventDate "2017.??.??"]
[EventType "swiss"]
[EventCountry "RUS"]
[SourceTitle "playchess.com"]
[Source "ChessBase"]
[SourceQuality "1"]

{[%evp 19,85,-15,0,0,0,0,0,0,0,0,0,0,0,0,0,0,0,0,0,0,0,0,0,0,0,0,0,-5,0,0,0,0,0,0,0,0,0,0,6,0,0,0,0,0,0,0,0,0,0,0,0,0,0,0,0,0,0,0,0,0,0,0,0,0,0,0,0,0]} 1. d4 Nf6 2. c4 g6 3. Nc3 d5 4. Bf4 Bg7 5. Nf3 O-O 6. Rc1 dxc4 7. e4 Bg4 8. Bxc4 Nh5 9. Be3 Bxf3 10. gxf3 e5 {The position is equal.} 11. dxe5 {D92: Grünfeld: 4 Nf3 Bg7 5 Bf4} Bxe5 12. Qxd8 Rxd8 13. O-O Nc6 14. Ne2 Bxb2 15. Rb1 Ne5 16. Rxb2 {[#] aiming for Rc2.} Nxc4 17. Rxb7 Nxe3 18. fxe3 Rd2 19. Nc3 c6 20. Rc7 Rb8 21. Rf2 {[#]} Rd3 $146 22. Rxc6 Rxe3 {Threatens to win with ...Nf4.} 23. Nd5 Re1+ 24. Kg2 Rbb1 25. Rd2 Rh1 26. Nf6+ Nxf6 27. Rxf6 $11 {[%mdl 4096] Endgame KRR-KRR} Rbg1+ 28. Kh3 {[#] Black must now prevent Rd7.} Kg7 29. e5 Rd1 30. Rxd1 Rxd1 {KR-KR} 31. Ra6 Rd5 32. f4 Rd3+ 33. Kg2 Rd2+ 34. Kg3 Rd3+ 35. Kf2 Rd2+ 36. Kg1 Rd1+ 37. Kf2 Rd2+ 38. Kg3 Rd3+ 39. Kf2 (39. Kh4 $5 {[%cal Ra6a7]}) 39... Rd2+ 40. Ke3 Rxh2 41. Rxa7 Kg8 42. a4 h5 43. Ke4 {Precision: White = 67%, Black = 95%.} 1/2-1/2

[Event "21st Alekhine Master 2017"]
[Site "Voronezh"]
[Date "2017.06.20"]
[Round "8"]
[White "Khanin, Semen"]
[Black "Popov, Ivan"]
[Result "1/2-1/2"]
[WhiteElo "2436"]
[BlackElo "2619"]
[Annotator "TA"]
[PlyCount "56"]
[EventDate "2017.??.??"]
[EventType "swiss"]
[EventCountry "RUS"]
[SourceTitle "playchess.com"]
[Source "ChessBase"]
[SourceQuality "1"]

{[%evp 9,56,27,32,37,38,37,25,10,14,13,11,19,27,29,35,36,37,52,48,41,28,11,14,11,14,6,8,10,8,12,8,6,12,0,0,0,0,0,0,0,0,0,0,0,0,0,0,0,0]} 1. e4 c5 2. Nf3 a6 3. c3 d5 4. exd5 Qxd5 5. Na3 Nc6 (5... Nf6 6. Be2 Nc6 7. Nc4 Qd8 8. a4 Be6 9. a5 Bxc4 10. Bxc4 e6 11. Qa4 Bd6 12. d4 O-O 13. dxc5 Bxc5 {0-1 (63) Vavulin,M (2604)-Artemiev,V (2655) Moscow 2017}) 6. Be2 {B28: Sicilian: 2 Nf3 a6 (O'Kelly Variation)} Bg4 7. O-O Nf6 8. Nc2 {White has an edge.} Qd8 9. d4 (9. h3 $5 {[%cal Rh3g4]} Bf5 10. d4 $11) 9... e6 10. Be3 Nd5 $146 ({Predecessor:} 10... cxd4 11. Ncxd4 Qc7 12. Nxc6 bxc6 {1-0 (31) Jusup,M (2093)-Golubicic,L (1678) Sv Filip i Jakov 2011}) 11. dxc5 Nxe3 12. Nxe3 Bxf3 13. Bxf3 {And now Qa4 would win.} Bxc5 14. Bxc6+ bxc6 15. Qf3 Qc7 {The position is equal.} 16. Rfd1 O-O 17. Rd2 Rfd8 18. Rad1 Rxd2 19. Rxd2 Rd8 20. Rxd8+ (20. Qd1 $5 {[%cal Rd2d8]} Rxd2 21. Qxd2 $11) 20... Qxd8 21. Qxc6 Bxe3 $1 22. fxe3 $11 {[%mdl 4096] Endgame KQ-KQ} Qd1+ 23. Kf2 {[%cal Rc6e8] [#]} Qc2+ 24. Kf3 {[%cal Rc6e8]} Qf5+ 25. Ke2 {[%cal Rc6e8]} Qc2+ 26. Kf3 {[%cal Rc6e8]} Qf5+ 27. Ke2 {[%cal Rc6e8] [#]} Qc2+ 28. Kf3 {[%cal Rc6e8]} Qf5+ {Precision: White = 67%, Black = 86%.} 1/2-1/2

[Event "21st Alekhine Master 2017"]
[Site "Voronezh"]
[Date "2017.06.20"]
[Round "8"]
[White "Cherniaev, Alexander"]
[Black "Rychagov, Andrey"]
[Result "1/2-1/2"]
[WhiteElo "2425"]
[BlackElo "2556"]
[Annotator "TA"]
[PlyCount "71"]
[EventDate "2017.??.??"]
[EventType "swiss"]
[EventCountry "RUS"]
[SourceTitle "playchess.com"]
[Source "ChessBase"]
[SourceQuality "1"]

{[%evp 18,71,8,9,0,0,0,0,19,14,36,16,12,14,15,15,7,2,10,0,0,0,0,0,37,46,43,24,27,0,0,0,0,0,8,0,8,-59,-13,-21,0,-84,-84,-195,-84,-84,-84,-84,-84,-84,0,-84,0,-84,0,-89]} 1. d4 d5 2. Nf3 Nf6 3. g3 c6 4. Bg2 Bf5 5. c4 e6 6. Nc3 Nbd7 7. Qb3 {D11: Slav Defence: 3 Nf3 sidelines and 3...Nf6 4 e3 Bg4} Qb6 8. c5 Qxb3 9. axb3 a6 10. b4 {LiveBook: 12 Games} Rd8 $146 ({Predecessor:} 10... Rc8 11. O-O Be7 12. Bf4 h6 13. h3 g5 14. Be3 Ne4 {½-½ (41) Grachev,B (2673)-Rublevsky,S (2698) Sochi 2015}) 11. h3 h6 12. g4 Bh7 13. Bf4 Ne4 14. Ne5 g5 15. Bh2 Nxe5 16. Bxe5 f6 17. Bh2 Bg7 18. f3 Nxc3 19. bxc3 e5 20. Kd2 O-O (20... h5 $5) 21. e3 Rde8 22. Bg3 (22. h4 {is interesting.} f5 23. gxf5 Bxf5 24. Rag1 Bg6 25. Bg3) 22... f5 23. Bxe5 Bxe5 24. dxe5 Rxe5 25. gxf5 Bxf5 26. h4 g4 27. f4 (27. fxg4 $11 Bxg4 28. Raf1) 27... Re7 28. h5 $1 Kf7 29. Rh4 (29. Rhg1 $11 {remains equal.}) 29... Kf6 30. Bf1 (30. Rhh1 $17 {was called for.}) 30... Rg8 (30... Rfe8 $19 31. Re1 Ra8) 31. Rh1 $17 Rge8 32. Re1 Ra8 33. Ra1 Rae8 34. Re1 Ra8 {And now ...a5 would win.} 35. Ra1 $1 Rae8 36. Re1 {Precision: White = 61%, Black = 42%.} 1/2-1/2

[Event "21st Alekhine Master 2017"]
[Site "Voronezh"]
[Date "2017.06.20"]
[Round "8"]
[White "Nozdrachev, Leonid"]
[Black "Moiseenko, Vadim"]
[Result "0-1"]
[WhiteElo "2411"]
[BlackElo "2528"]
[Annotator "TA"]
[PlyCount "110"]
[EventDate "2017.??.??"]
[EventType "swiss"]
[EventCountry "RUS"]
[SourceTitle "playchess.com"]
[Source "ChessBase"]
[SourceQuality "1"]

{[%evp 15,110,0,0,-7,-2,-11,-6,-35,-22,-23,-20,-25,-20,-15,-15,-16,-18,-79,-94,-124,-123,-125,-50,-49,-40,-142,-121,-181,-178,-173,-180,-281,-237,-403,-211,-206,-216,-252,-236,-258,-210,-220,-219,-230,-231,-231,-224,-293,-247,-294,-289,-298,-290,-298,-293,-381,-310,-349,-326,-342,-337,-323,-282,-370,-334,-376,-381,-606,-594,-680,-683,-681,-658,-651,-646,-642,-642,-741,-716,-1106,-1077,-5645,-4685,-12837,-12837,-12837,-12838,-12837,-12837,-12836,-12834,-12836,-12836,-12836,-9348,-12845,-12846]} 1. e4 c6 2. d4 d5 3. Nc3 dxe4 4. Nxe4 Nf6 5. Nxf6+ exf6 6. Be2 Bd6 {B15: Caro-Kann: 3 Nc3: 3...g6 and 3...dxe4 4 Nxe4 Nf6 5 Nxf6+ exf6} 7. Bf3 O-O 8. Ne2 Qc7 {LiveBook: 9 Games. The position is equal.} 9. Be3 Re8 10. Qd2 Be6 $146 ({Predecessor:} 10... Nd7 11. c4 c5 12. O-O cxd4 13. Nxd4 Ne5 14. Rac1 {0-1 (24) Armanda,I (2365)-Cvorovic,D (2424) Solin/Spilt 2003}) 11. Nc3 f5 {[#] And now ...f4 would win.} 12. g3 Nd7 13. O-O Nb6 14. b3 Rad8 15. a4 a5 16. Ne2 (16. Rad1 $11) 16... Bd5 $17 17. Bh5 g6 18. c4 Be4 (18... gxh5 $17 19. cxd5 Nxd5) 19. Bg5 $15 Be7 (19... gxh5 $6 20. f3 $14) 20. Bf4 (20. Bxe7 $1 $15 Qxe7 21. Nf4) 20... Qd7 $36 {[%mdl 2048] Black is on the roll.} 21. f3 (21. Qxa5 $17 Nc8 22. Qc3) 21... Bb4 $19 (21... gxh5 22. fxe4 Bb4 23. Qc1 $11) 22. Qd1 {[#]} Bd5 $1 {...Nxc4 is the strong threat.} (22... gxh5 23. fxe4 Rxe4 24. Bg5 $15) 23. Bg5 (23. Qd3 $142) 23... Be7 (23... gxh5 24. Bxd8 Qxd8 25. cxd5 $15) 24. Bd2 $2 (24. Bxe7 Qxe7 25. Re1) 24... Bxc4 (24... gxh5 25. cxd5 Nxd5 26. Bxa5 $17) (24... Nxc4 $142 25. bxc4 Bxc4) 25. bxc4 Nxc4 26. Bf4 Bf6 27. Kh1 Ne3 (27... Bxd4 28. Nxd4 Qxd4 29. Qb3 $19) 28. Bxe3 Rxe3 29. Qd2 Rde8 30. Nf4 Qxd4 (30... gxh5 31. Nxh5 Qxd4 32. Rad1 $17) 31. Qa2 Qd6 ({Don't do} 31... gxh5 32. Rab1 $19) 32. Rab1 Qa3 33. Qxa3 Rxa3 34. Rxb7 Rxa4 ({Resist} 34... gxh5 35. Rb6 $19) 35. Ra7 Bg5 ({Not} 35... gxh5 36. Ra6 $19) 36. Nh3 Be3 37. Rc7 gxh5 38. Rxc6 h4 39. Rf6 hxg3 40. hxg3 Re6 41. Rxf5 (41. Rxe6 $142 fxe6 42. f4) 41... Rh6 {( -> ...Ra2). Black is clearly winning.} 42. Kg2 Ra2+ 43. Nf2 Rc6 44. Re5 Ba7 45. Re7 Bb6 46. Rb7 a4 {[%cal Ba5a4,Ba4a3,Ba3a2][%mdl 32]} 47. g4 a3 48. Kg3 Bxf2+ 49. Rxf2 Rxf2 50. Kxf2 {[%mdl 4096] Endgame KR-KR} Ra6 51. Rb1 a2 52. Ra1 Kg7 53. Kg3 Kg6 54. f4 h6 55. Kh4 Ra3 {Precision: White = 27%, Black = 74%.} 0-1

[Event "21st Alekhine Master 2017"]
[Site "Voronezh"]
[Date "2017.06.21"]
[Round "9"]
[White "Grachev, Boris"]
[Black "Tran, Tuan Minh"]
[Result "1/2-1/2"]
[WhiteElo "2648"]
[BlackElo "2542"]
[Annotator "TA"]
[PlyCount "83"]
[EventDate "2017.??.??"]
[EventType "swiss"]
[EventCountry "RUS"]
[SourceTitle "playchess.com"]
[Source "ChessBase"]
[SourceQuality "1"]

{[%evp 20,83,19,15,21,10,12,8,26,25,27,27,45,35,18,16,23,15,24,27,39,27,39,-33,-38,-39,-36,-44,-35,-35,-44,-31,-42,-31,-31,-36,-19,-39,-39,-34,-36,-47,-37,-35,-37,-43,-49,-37,-46,-48,-13,-13,-12,-15,0,0,0,0,0,0,0,0,0,0,0,0]} 1. d4 Nf6 2. c4 e6 3. Nf3 b6 4. g3 Bb7 5. Bg2 Be7 6. O-O O-O 7. Nc3 Ne4 8. Qc2 Nxc3 9. Qxc3 c5 10. Bf4 d6 {E19: Queen's Indian: Old Main Line with 7...Ne4 8 Qc2 Nxc3 8 Qxc3} (10... Bf6 11. Bd6 cxd4 12. Nxd4 Bxg2 13. Kxg2 Nc6 14. Nxc6 dxc6 15. Qd3 Re8 16. Rab1 c5 17. Rfd1 Bd4 18. Bf4 {½-½ (52) Hracek,Z (2617)-Kryvoruchko,Y (2700) Poland 2015}) 11. Rad1 {LiveBook: 7 Games} Nc6 12. Qd3 Nb4 $146 ({Predecessor:} 12... Nxd4 13. Nxd4 Bxg2 14. Nxe6 fxe6 15. Kxg2 Qd7 16. e4 Rfd8 17. Qf3 Qb7 18. Rfe1 {1-0 (27) Eingorn,V (2558)-Maiorov,N (2528) Metz 2011}) 13. Qb1 f5 14. a3 Be4 15. Qc1 Na6 16. Qd2 cxd4 17. Nxd4 Bxg2 $1 18. Kxg2 Qc8 {[#] ...e5 is the strong threat.} 19. Nb5 Rd8 20. Qc1 e5 21. Bg5 (21. Be3 $1 $14) 21... Bxg5 $15 22. Qxg5 Qxc4 23. Nc3 Qe6 24. Nd5 Rd7 25. Qc1 Rad8 26. b4 Qf7 27. Qc6 h6 28. Rc1 {[#]} Nc7 $1 {[%cal Rc7d5][%mdl 512]} 29. Nxc7 Rc8 {[%cal Rd7c7]} 30. Qb7 Rcxc7 31. Qa8+ Kh7 32. Rxc7 Rxc7 {[%mdl 4096] Endgame KQR-KQR} 33. Rd1 Qe6 34. Rd2 Qe7 35. Qd5 {The position is equal.} Rd7 36. f4 {With the idea fxe5.} exf4 {White must now prevent ...Qg5.} 37. Qxf5+ Kg8 38. Qxf4 Qe6 39. e4 Rf7 40. Qe3 $1 Qf6 {[%csl Gf7][%cal Rf6f1]} 41. Qd3 Qg6 42. Rf2 {Precision: White = 70%, Black = 74%.} 1/2-1/2

[Event "21st Alekhine Master 2017"]
[Site "Voronezh"]
[Date "2017.06.21"]
[Round "9"]
[White "Savchenko, Boris"]
[Black "Belyakov, Bogdan"]
[Result "1/2-1/2"]
[WhiteElo "2639"]
[BlackElo "2476"]
[Annotator "TA"]
[PlyCount "46"]
[EventDate "2017.??.??"]
[EventType "swiss"]
[EventCountry "RUS"]
[SourceTitle "playchess.com"]
[Source "ChessBase"]
[SourceQuality "1"]

{[%evp 13,46,37,54,37,60,61,66,41,63,18,28,-33,-33,-33,-33,-33,-33,-33,-33,-33,-33,-33,-33,-33,-33,-33,-33,-33,0,-33,0,-42,0,-33,0]} 1. d4 Nf6 2. c4 g6 3. Nf3 Bg7 4. g3 O-O 5. Bg2 d6 6. O-O c5 7. d5 a6 8. a4 {E60: King's Indian: Unusual lines and Fianchetto Variation without Nc3} (8. Nc3 b5 9. cxb5 axb5 10. Nxb5 Na6 11. Nc3 Rb8 12. Nd2 e6 13. Nde4 Nxe4 14. Nxe4 Bxb2 15. Bh6 exd5 16. Qxd5 Bb7 17. Qxd6 Bxe4 18. Bxf8 Bxg2 19. Kxg2 Bxa1 20. Rxa1 Qxf8 21. Qxa6 {½-½ (49) Harikrishna,P (2609)-Minasian,A (2584) Abu Dhabi 2004}) 8... a5 9. Nc3 Na6 10. h3 {White is slightly better.} Nb4 11. Bg5 $146 ({Predecessor:} 11. e4 Nd7 12. Re1 b6 13. Bf4 Ba6 14. Bf1 f6 15. Nb5 Ne5 16. Nh2 {1-0 (64) Keler,F (2242)-Annaberdiyev,B (2238) Kocaeli 2014}) 11... h6 12. Bxf6 ({White should play} 12. Bf4 $11) 12... exf6 $15 13. Qd2 f5 14. h4 Bd7 15. Qf4 Qf6 16. Rac1 Rfe8 17. Bh3 Re7 18. b3 Rae8 19. Qd2 $1 Bc8 20. Rfd1 Bd7 21. Kg2 Bc8 22. Kg1 Bd7 (22... f4 $5 {[%cal Rc8h3]} 23. Bxc8 Rxc8 $11) 23. Kg2 Bc8 {Precision: White = 71%, Black = 61%.} 1/2-1/2